000
00286nam a2200109Ia 4500
008
190911s9999||||xx |||||||||||||| ||und||
100
_a
Islami Nazreyati
245
0
_a
Islam Aur Inteha Pasandi : Aik Tajziyati Mutala
260
_a
Islamabad
_b
Royal Book
_c
2009
300
_a
182
942
_c
BK
999
_c
6661
_d
6661